[Event "30th British Rapid 2016"]
[Site "Leeds ENG"]
[Date "2016.11.13"]
[Round "7.1"]
[White "Bates, Richard A"]
[Black "D'Costa, Lorin A R"]
[Result "1/2-1/2"]
[WhiteTitle "IM"]
[BlackTitle "IM"]
[WhiteElo "2341"]
[BlackElo "2391"]
[WhiteFideId "403555"]
[BlackFideId "409219"]
[EventDate "2016.11.12"]

1. d4 Nf6 2. Nf3 e6 3. c4 b6 4. g3 Ba6 5. b3 Bb7 6. Bg2 Bb4+ 7. Bd2 a5 8. O-O
O-O 9. Nc3 d6 10. Qc2 Nbd7 11. Rfd1 Bxc3 12. Bxc3 Be4 13. Qc1 c6 14. Bh3 b5 15.
Qf4 d5 16. cxb5 cxb5 17. Rac1 Qb6 18. Be1 a4 19. Bb4 Rfc8 20. Rxc8+ Rxc8 21. Rc1
Rc6 22. Ne5 Nxe5 23. dxe5 Nd7 24. Bd6 h6 25. Qd2 axb3 26. axb3 Nc5 27. Qe3 Nd7
28. Rxc6 Qxc6 29. f3 Bg6 30. Kf2 Kh7 31. Bg2 Qc2 32. Qa7 Qc6 33. Qc7 Qxc7 34.
Bxc7 b4 35. Bd6 Bc2 36. f4 Bxb3 37. Bxb4 Bc2 38. Ke3 g5 39. Kd4 Kg6 40. e3 gxf4
41. exf4 Nb6 42. g4 h5 1/2-1/2

[Event "30th British Rapid 2016"]
[Site "Leeds ENG"]
[Date "2016.11.13"]
[Round "7.2"]
[White "Pritchett, Craig W"]
[Black "Poobalasingam, Peter S"]
[Result "1-0"]
[WhiteTitle "IM"]
[BlackTitle "FM"]
[WhiteElo "2338"]
[BlackElo "2223"]
[WhiteFideId "2400065"]
[BlackFideId "410683"]
[EventDate "2016.11.12"]

1. c4 e5 2. Nc3 Nf6 3. Nf3 d6 4. d4 Nbd7 5. e4 Be7 6. Bd3 O-O 7. O-O c6 8. h3
Qb6 9. c5 dxc5 10. dxe5 Ne8 11. Qc2 Qd8 12. e6 fxe6 13. e5 h6 14. Bc4 Nb6 15.
Rd1 Qc7 16. Ne4 Nd5 17. Be2 b6 18. Ng3 Bd8 19. Qe4 Ne7 20. Nh4 b5 21. Bd3 Nf5
22. Ng6 Rf7 23. Nh5 c4 24. Bc2 Bb7 25. Qg4 c5 26. Nhf4 Qb6 27. Qh5 Nc7 28. Nh8
Rf8 29. Nfg6 Re8 30. Bxf5 exf5 31. Rd6 Qa5 32. Bxh6 Ne6 33. Nf4 Bc7 34. Qf7+
Kxh8 35. Bxg7+ 1-0

[Event "30th British Rapid 2016"]
[Site "Leeds ENG"]
[Date "2016.11.13"]
[Round "7.3"]
[White "Surtees, Mike J"]
[Black "Tate, Alan"]
[Result "0-1"]
[BlackTitle "FM"]
[WhiteElo "2050"]
[BlackElo "2341"]
[WhiteFideId "412619"]
[BlackFideId "2401878"]
[EventDate "2016.11.12"]

1. e4 c5 2. Nh3 d5 3. Bb5+ Nc6 4. Ng5 e6 5. Bxc6+ bxc6 6. d3 Be7 7. Nf3 Nf6 8.
e5 Nd7 9. c4 f6 10. Bf4 O-O 11. Qe2 fxe5 12. Bxe5 Nxe5 13. Nxe5 Bf6 14. Nd2 Qa5
15. f4 Bxe5 16. Qxe5 Bd7 17. Ke2 Be8 18. g4 Bg6 19. Rhf1 Rad8 20. Rf3 Rf7 21.
Re3 Kh8 22. h4 h5 23. gxh5 Rf5 24. hxg6 Rxe5 25. Rxe5 Qb4 26. Rxe6 Qxb2 27. Rb1
Qd4 28. Nf3 Qxf4 29. cxd5 Rf8 30. Rf1 cxd5 31. Re5 Qa4 32. Nd2 Rxf1 33. Nxf1
Qg4+ 34. Ke1 Qxg6 35. Kd2 Qg2+ 36. Ke1 Qxa2 37. Re7 Qa1+ 38. Ke2 Qf6 39. Rxa7
Qxh4 40. Ne3 Qh5+ 41. Kd2 Qg5 42. Ke2 Qe5 43. Kd2 Qh2+ 44. Kd1 Qf2 45. Nc2 c4
46. Ra8+ Kh7 47. dxc4 dxc4 48. Rc8 g5 49. Kc1 g4 50. Kb2 Qb6+ 51. Kc1 Qb3 52.
Rc5 Kg6 53. Kd2 Qd3+ 54. Kc1 g3 55. Rc8 Kg5 56. Rg8+ Kh4 57. Kb2 Qb3+ 58. Kc1
Kh3 59. Rd8 g2 60. Rh8+ Kg3 61. Rg8+ Kf2 62. Rf8+ Kg3 63. Rg8+ Kh2 64. Rh8+ Qh3
65. Ne1 Qxh8 0-1

[Event "30th British Rapid 2016"]
[Site "Leeds ENG"]
[Date "2016.11.13"]
[Round "7.4"]
[White "Bansal, Rohan"]
[Black "Arkell, Keith C"]
[Result "0-1"]
[BlackTitle "GM"]
[WhiteElo "1969"]
[BlackElo "2450"]
[WhiteFideId "425052"]
[BlackFideId "400270"]
[EventDate "2016.11.12"]

1. d4 Nf6 2. c4 e6 3. Nc3 Bb4 4. Qc2 c5 5. Nf3 cxd4 6. Nxd4 Nc6 7. Nxc6 bxc6 8.
Bg5 Qa5 9. Bxf6 gxf6 10. e3 Rg8 11. a3 Bxc3+ 12. Qxc3 Qxc3+ 13. bxc3 Rb8 14. Ra2
Rb1+ 15. Kd2 Ba6 16. Kc2 Re1 17. Kd2 Rb1 18. Kc2 Rb8 19. g3 f5 20. Bd3 Ke7 21.
Raa1 c5 22. Rab1 Bb7 23. Rhc1 Bc6 24. Rxb8 Rxb8 25. Rb1 Rg8 26. Kd2 Kf6 27. h4
e5 28. Kc2 Ke6 29. Kd2 h6 30. Kc2 Kf6 31. Kd2 f4 32. exf4 exf4 33. gxf4 Rg4 34.
Ke3 Rxh4 35. Be4 Rh3+ 36. f3 Bxe4 37. Kxe4 Ke6 38. Rb7 Rh1 39. Rxa7 Re1+ 40. Kd3
Kf5 41. Kd2 Re7 42. Ra6 f6 43. Rd6 h5 44. Rd5+ Kg6 45. Rxc5 h4 46. Rb5 h3 47.
Rb1 Kh5 48. Rg1 f5 49. Rg5+ Kh4 50. Rg1 h2 51. Rh1 Kg3 52. Kd3 Kg2 53. Rxh2+
Kxh2 54. Kd4 Kg3 55. Kd5 Re6 0-1

[Event "30th British Rapid 2016"]
[Site "Leeds ENG"]
[Date "2016.11.13"]
[Round "8.1"]
[White "Pritchett, Craig W"]
[Black "Bates, Richard A"]
[Result "0-1"]
[WhiteTitle "IM"]
[BlackTitle "IM"]
[WhiteElo "2338"]
[BlackElo "2341"]
[WhiteFideId "2400065"]
[BlackFideId "403555"]
[EventDate "2016.11.12"]

1. c4 g6 2. Nf3 Nf6 3. Nc3 Bg7 4. e4 O-O 5. d4 d6 6. Be2 Na6 7. Be3 e5 8. d5 Ng4
9. Bg5 f6 10. Bh4 Nh6 11. O-O c5 12. dxc6 bxc6 13. Qd2 Nf7 14. Rad1 Qe7 15. a3
Nc5 16. b4 Ne6 17. Rfe1 Bb7 18. Bf1 h5 19. h3 Bh6 20. Qa2 Bf4 21. b5 c5 22. Nd5
Bxd5 23. exd5 Ng7 24. g3 Bh6 25. g4 Qd7 26. Nh2 g5 27. Qc2 gxh4 28. Qg6 f5 29.
Bd3 e4 30. Bxe4 fxe4 31. Rxe4 Rae8 32. Re6 Rxe6 33. dxe6 Qxe6 34. Qd3 Ne5 35.
Qxd6 Qxd6 36. Rxd6 Bf4 37. Ra6 Bxh2+ 38. Kxh2 Rxf2+ 39. Kg1 Rf7 40. g5 Nf3+ 41.
Kg2 Nxg5 42. b6 0-1

[Event "30th British Rapid 2016"]
[Site "Leeds ENG"]
[Date "2016.11.13"]
[Round "8.2"]
[White "D'Costa, Lorin A R"]
[Black "Tate, Alan"]
[Result "1-0"]
[WhiteTitle "IM"]
[BlackTitle "FM"]
[WhiteElo "2391"]
[BlackElo "2341"]
[WhiteFideId "409219"]
[BlackFideId "2401878"]
[EventDate "2016.11.12"]

1. Nf3 d5 2. c4 c6 3. e3 Nf6 4. Nc3 e6 5. b3 Nbd7 6. Qc2 Bd6 7. Bb2 O-O 8. Rg1
e5 9. cxd5 Nxd5 10. Ne4 Bc7 11. g4 f6 12. a3 Qe7 13. Bd3 Rf7 14. h4 Nf8 15. h5
h6 16. Nh4 Ne6 17. O-O-O Nf8 18. Ng3 a5 19. Ngf5 Qd8 20. Be4 Be6 21. d4 Qb8 22.
Nf3 exd4 23. N5xd4 Bc8 24. Kb1 Bd7 25. Nf5 Qe8 26. N3d4 Rd8 27. f4 Ne6 28. Nf3
Nf8 29. N3h4 Ne6 30. Nf3 Nf8 31. N3d4 Ne6 32. Nb5 cxb5 33. Bxd5 Bc6 34. e4 Bxf4
35. Rge1 Rfd7 36. Nd4 1-0

[Event "30th British Rapid 2016"]
[Site "Leeds ENG"]
[Date "2016.11.13"]
[Round "8.3"]
[White "Arkell, Keith C"]
[Black "Westwood, Richard D"]
[Result "1-0"]
[WhiteTitle "GM"]
[WhiteElo "2450"]
[BlackElo "2080"]
[WhiteFideId "400270"]
[BlackFideId "412406"]
[EventDate "2016.11.12"]

1. d4 d5 2. Nf3 Nf6 3. c4 c6 4. Qc2 e6 5. g3 Nbd7 6. Bg2 Be7 7. O-O O-O 8. Nbd2
a6 9. b3 Rb8 10. a4 a5 11. e4 dxe4 12. Nxe4 Nxe4 13. Qxe4 Nf6 14. Qe2 b5 15. Ne5
Bd7 16. Bxc6 Qc8 17. axb5 1-0

[Event "30th British Rapid 2016"]
[Site "Leeds ENG"]
[Date "2016.11.13"]
[Round "9.2"]
[White "Arkell, Keith C"]
[Black "D'Costa, Lorin A R"]
[Result "0-1"]
[WhiteTitle "GM"]
[BlackTitle "IM"]
[WhiteElo "2450"]
[BlackElo "2391"]
[WhiteFideId "400270"]
[BlackFideId "409219"]
[EventDate "2016.11.12"]

1. Nf3 Nf6 2. c4 b6 3. d4 e6 4. a3 Ba6 5. b3 c5 6. d5 exd5 7. cxd5 d6 8. Nc3 g6
9. Bb2 Bg7 10. g3 O-O 11. e3 Qc8 12. Bxa6 Nxa6 13. O-O Nc7 14. Rb1 Qf5 15. e4
Nxe4 16. Nh4 Qe5 17. Nb5 Qe7 18. Bxg7 Kxg7 19. Qg4 f5 20. Nxf5+ Rxf5 21. Nxc7
Nf6 22. Qxf5 gxf5 23. Nxa8 Qd8 24. Nxb6 axb6 25. Rbd1 Qa8 26. a4 Qa5 27. Rd3 Qb4
28. Rc1 b5 29. axb5 Qxb5 30. Rc4 Ne4 31. f3 Qa5 32. Rc1 c4 33. bxc4 Qc5+ 34. Kg2
Qf2+ 35. Kh1 Nd2 36. Rxd2 Qxd2 37. Ra1 Qf2 38. f4 Kg6 39. Rg1 Qf3+ 40. Rg2 Qf1+
41. Rg1 Qxc4 0-1

[Event "30th British Rapid 2016"]
[Site "Leeds ENG"]
[Date "2016.11.13"]
[Round "9.3"]
[White "Tate, Alan"]
[Black "Pritchett, Craig W"]
[Result "1-0"]
[WhiteTitle "FM"]
[BlackTitle "IM"]
[WhiteElo "2341"]
[BlackElo "2338"]
[WhiteFideId "2401878"]
[BlackFideId "2400065"]
[EventDate "2016.11.12"]

1. e4 c5 2. Nf3 e6 3. d4 cxd4 4. Nxd4 a6 5. Bd3 Nf6 6. O-O d6 7. c4 Be7 8. Nc3
O-O 9. Qe2 Re8 10. Be3 Bf8 11. Rad1 Nbd7 12. Kh1 g6 13. f4 e5 14. Nf3 exf4 15.
Bxf4 Nc5 16. Bc2 Ne6 17. Bg3 Qb6 18. Ba4 Bd7 19. Bxd7 Nxd7 20. Nd5 Qc5 21. b4
Qc6 22. Rc1 Rac8 23. Qd2 b5 24. cxb5 Qxb5 25. h3 Rc4 26. Rce1 Rec8 27. Ng5 Rc2
28. Qd1 Nxg5 29. Qg4 Ne6 30. a4 Qd3 31. Ne3 R2c4 32. Nxc4 Rxc4 33. Rf3 Qd2 34.
Ref1 h5 35. Qh4 Qg5 36. Rxf7 Qxh4 37. Bxh4 Rxe4 38. Rxd7 Rxh4 39. Rf6 Rxb4 40.
Rxe6 Rxa4 41. Rf6 Ra1+ 42. Kh2 Bg7 43. Rxg6 1-0

[Event "30th British Rapid 2016"]
[Site "Leeds ENG"]
[Date "2016.11.13"]
[Round "9.4"]
[White "Talbot, Mark A"]
[Black "Smith, Andrew Philip"]
[Result "1-0"]
[BlackTitle "FM"]
[WhiteElo "2029"]
[BlackElo "2136"]
[WhiteFideId "416401"]
[BlackFideId "2500833"]
[EventDate "2016.11.12"]

1. g3 c5 2. Bg2 d5 3. Nf3 Nc6 4. d4 g6 5. c4 dxc4 6. Qa4 Bd7 7. dxc5 Qa5+ 8.
Qxa5 Nxa5 9. Bd2 Nc6 10. Bc3 f6 11. Nbd2 e5 12. h4 Bxc5 13. Nxc4 Nge7 14. Rd1
Be6 15. Nd6+ Bxd6 16. Rxd6 Kf7 17. O-O Nd5 18. Ng5+ fxg5 19. Bxd5 Bxd5 20. Rxd5
gxh4 21. Rd7+ Ke6 22. Rxb7 hxg3 23. fxg3 h5 24. Rc7 Rac8 25. Rff7 Rhg8 26. Kg2
Rxc7 27. Rxc7 Kd6 28. Rf7 a6 29. Rf6+ Kd5 30. e4+ Kc5 31. Re6 Rd8 32. Rxg6 Rd3
33. Rg5 Re3 34. Bxe5 Nxe5 35. Rxe5+ Kd4 36. Rxh5 Re2+ 37. Kf3 Rxb2 38. Ra5 Rb6
39. e5 Re6 40. g4 Rh6 41. Kf4 Re6 42. Kf5 Rb6 43. e6 Rxe6 1-0

[Event "30th British Rapid 2016"]
[Site "Leeds ENG"]
[Date "2016.11.13"]
[Round "10.1"]
[White "Poobalasingam, Peter S"]
[Black "Bates, Richard A"]
[Result "1-0"]
[WhiteTitle "FM"]
[BlackTitle "IM"]
[WhiteElo "2223"]
[BlackElo "2341"]
[WhiteFideId "410683"]
[BlackFideId "403555"]
[EventDate "2016.11.12"]

1. d3 g6 2. e4 Bg7 3. g3 c5 4. Bg2 Nc6 5. Ne2 Nf6 6. f4 d6 7. Nd2 d5 8. exd5
Nxd5 9. Ne4 Nd4 10. c3 Nxe2 11. Qxe2 O-O 12. O-O b6 13. a4 Rb8 14. Kh1 Nf6 15.
Re1 Bb7 16. Nf2 Qd7 17. a5 Rfe8 18. Kg1 Bxg2 19. Kxg2 b5 20. Qf3 a6 21. Be3 Rbc8
22. c4 bxc4 23. dxc4 Rb8 24. Red1 Qf5 25. Rd2 Rb3 26. Ra3 Rxa3 27. bxa3 h5 28.
Qc6 Rb8 29. Qxc5 Ng4 30. Nxg4 Qe4+ 31. Kf2 hxg4 32. Qd5 Qb1 33. Bb6 Bc3 34. Re2
Qa1 35. Rxe7 Qb2+ 36. Re2 Qxa3 37. f5 g5 38. Kg2 Bf6 39. c5 Rc8 40. Qe4 Qa1 41.
Qxg4 Qd4 42. Qxd4 Bxd4 43. Rd2 Bc3 44. Rd8+ Rxd8 45. Bxd8 Kf8 46. Bxg5 Bxa5 47.
Kf3 Ke8 48. c6 Bc3 49. Ke4 f6 50. Bf4 a5 51. Kd5 a4 52. Kc4 Be5 53. Bxe5 fxe5
54. f6 a3 55. Kb3 e4 56. f7+ 1-0

[Event "30th British Rapid 2016"]
[Site "Leeds ENG"]
[Date "2016.11.13"]
[Round "10.3"]
[White "Tate, Alan"]
[Black "Arkell, Keith C"]
[Result "1/2-1/2"]
[WhiteTitle "FM"]
[BlackTitle "GM"]
[WhiteElo "2341"]
[BlackElo "2450"]
[WhiteFideId "2401878"]
[BlackFideId "400270"]
[EventDate "2016.11.12"]

1. e4 c6 2. d4 d5 3. e5 c5 4. dxc5 Nc6 5. Nf3 Bg4 6. c3 Bxf3 7. Qxf3 e6 8. b4
Nxe5 9. Bb5+ Nc6 10. O-O Nf6 11. c4 a5 12. Bd2 axb4 13. Bxb4 Be7 14. Nc3 O-O 15.
a3 Ne5 16. Qe2 Nxc4 17. Bxc4 dxc4 18. Qxc4 Qc7 19. Rac1 Qc6 20. Rfd1 Rfd8 21.
Qb5 Qxb5 22. Nxb5 Rxd1+ 23. Rxd1 Nd5 24. g3 g5 25. Rc1 Kg7 26. Nc3 Nxc3 27. Rxc3
Rc8 28. c6 Bxb4 29. cxb7 Rb8 30. axb4 Rxb7 31. Rb3 Kf6 32. Kg2 g4 33. h3 h5 34.
hxg4 hxg4 35. b5 Ke5 36. Rb4 f5 37. f3 gxf3+ 38. Kxf3 Kd5 39. Kf4 Rg7 40. Rb1
Rg4+ 41. Kf3 e5 42. b6 Rg8 43. b7 Rb8 44. g4 fxg4+ 45. Kxg4 Kc6 46. Kf5 Rxb7 47.
Rxb7 Kxb7 48. Kxe5 Kc6 49. Kd4 1/2-1/2

[Event "30th British Rapid 2016"]
[Site "Leeds ENG"]
[Date "2016.11.13"]
[Round "10.4"]
[White "Burke, Mitchell R"]
[Black "Talbot, Mark A"]
[Result "1/2-1/2"]
[WhiteElo "1976"]
[BlackElo "2029"]
[WhiteFideId "416231"]
[BlackFideId "416401"]
[EventDate "2016.11.12"]

1. e4 e5 2. Nf3 Nf6 3. d4 Nxe4 4. dxe5 d5 5. Nbd2 Nc5 6. Be2 Be7 7. O-O O-O 8.
h3 Ne6 9. Nb3 c5 10. Qd2 Nc6 11. Rd1 c4 12. Nbd4 Nexd4 13. Nxd4 Nxe5 14. Nf3
Nxf3+ 1/2-1/2

[Event "30th British Rapid 2016"]
[Site "Leeds ENG"]
[Date "2016.11.13"]
[Round "11.1"]
[White "D'Costa, Lorin A R"]
[Black "Poobalasingam, Peter S"]
[Result "1/2-1/2"]
[WhiteTitle "IM"]
[BlackTitle "FM"]
[WhiteElo "2391"]
[BlackElo "2223"]
[WhiteFideId "409219"]
[BlackFideId "410683"]
[EventDate "2016.11.12"]

1. c4 e5 2. g3 Nf6 3. Bg2 c6 4. d4 d6 5. Nc3 Be7 6. e3 O-O 7. Nge2 Qc7 8. O-O
Rd8 9. h3 Be6 10. d5 cxd5 11. cxd5 Bd7 12. e4 Be8 13. Be3 b5 14. a3 Na6 15. b4
Qb7 16. Qd3 Nc7 17. Nc1 a5 18. Nb3 axb4 19. axb4 Na6 20. Na5 Qb8 21. Rfb1 Rc8
22. Bf1 Bd8 23. Nc6 Bxc6 24. dxc6 Rxc6 25. Nxb5 Bb6 26. Nc3 Bxe3 27. Qxe3 Rb6
28. Bxa6 Rbxa6 29. Rxa6 Rxa6 30. Qd3 Ra3 31. Qc4 h5 32. h4 Qb7 33. b5 Ra8 34. b6
Rc8 35. Qd3 Nd7 36. Nd5 Nc5 37. Qf3 Ra8 38. Qf5 Ra4 39. Qc8+ Qxc8 40. Ne7+ Kf8
41. Nxc8 Nb7 42. Rc1 Ra8 43. Rc7 Rb8 44. Ne7 Nd8 45. Nd5 Ne6 46. Rd7 Rd8 47. Ra7
Nc5 48. f3 Rb8 49. Kf1 Ke8 50. Re7+ Kf8 51. Ra7 Ke8 52. Re7+ Kf8 53. Rc7 Ke8 54.
Re7+ Kf8 55. Ra7 Ke8 56. Re7+ Kf8 57. Rc7 Ke8 58. Re7+ Kf8 59. Ra7 Ke8 60. Re7+
Kf8 61. Ra7 Ke8 62. Re7+ Kf8 63. Ra7 Ke8 64. Re7+ Kf8 65. Rc7 Ke8 66. Re7+ Kf8
67. Ra7 Ke8 68. Re7+ Kf8 69. Rc7 Ke8 70. Re7+ Kf8 71. Ra7 Ke8 72. Re7+ Kf8 73.
Rc7 Kg8 1/2-1/2

[Event "30th British Rapid 2016"]
[Site "Leeds ENG"]
[Date "2016.11.13"]
[Round "11.2"]
[White "Bates, Richard A"]
[Black "Smith, Andrew Philip"]
[Result "1-0"]
[WhiteTitle "IM"]
[BlackTitle "FM"]
[WhiteElo "2341"]
[BlackElo "2136"]
[WhiteFideId "403555"]
[BlackFideId "2500833"]
[EventDate "2016.11.12"]

1. d4 Nf6 2. Nf3 c5 3. d5 g6 4. c4 e6 5. Nc3 exd5 6. cxd5 d6 7. h3 Bg7 8. e4 O-O
9. Bd3 Re8 10. O-O a6 11. Re1 Nbd7 12. Bf4 Ne5 13. Nxe5 dxe5 14. Be3 Qd6 15. a4
b6 16. Rc1 Nh5 17. Nb1 Nf4 18. Bf1 Bd7 19. Na3 Rec8 20. Bxf4 exf4 21. e5 Qb8 22.
Nc4 Re8 23. e6 fxe6 24. dxe6 Bxe6 25. Rxe6 Rxe6 26. Qd5 Qe8 27. Re1 Rd8 28. Rxe6
Rxd5 29. Rxe8+ Kf7 30. Rb8 b5 31. axb5 axb5 32. Rxb5 h5 33. Rb7+ Kf6 34. Nb6 Rd2
35. Nd7+ Kg5 36. Nxc5 1-0

[Event "30th British Rapid 2016"]
[Site "Leeds ENG"]
[Date "2016.11.13"]
[Round "11.3"]
[White "Lauridsen, Jesper Morch"]
[Black "Tate, Alan"]
[Result "1/2-1/2"]
[WhiteTitle "FM"]
[BlackTitle "FM"]
[WhiteElo "2248"]
[BlackElo "2341"]
[WhiteFideId "1401890"]
[BlackFideId "2401878"]
[EventDate "2016.11.12"]

1. e4 c5 2. Nf3 d6 3. d4 Nf6 4. Nc3 cxd4 5. Nxd4 a6 6. Bc4 e6 7. O-O Be7 8. Bb3
O-O 9. f4 Nbd7 10. Qf3 Nc5 11. f5 Nxb3 12. axb3 Bd7 13. Kh1 Qc7 14. Bg5 Rae8 15.
Rad1 b5 16. b4 Qc4 17. Nb3 Qc7 18. e5 dxe5 19. Bxf6 Bxf6 20. Ne4 exf5 21. Nxf6+
gxf6 22. Qg3+ Kh8 23. Qh4 Kg7 24. Nc5 Bc8 25. Rd3 f4 26. Ne4 Qe7 27. Nxf6 Qxf6
28. Rg3+ Qg6 29. Rxg6+ hxg6 30. Rd1 Rh8 31. Qf2 Re6 32. Qc5 Rhe8 33. Rd6 Rxd6
34. Qxd6 Bf5 35. Qxa6 e4 36. Qxb5 Re6 37. Kg1 e3 38. Kf1 Bxc2 39. Qc4 Be4 40. g3
fxg3 41. hxg3 Bf3 42. Qf4 Bc6 43. Qd4+ Kh7 44. Qh4+ Kg7 45. Qd4+ Kh7 46. Qc4 Bf3
47. Qf4 Bd5 48. Qxf7+ Kh6 49. Qf4+ g5 50. Qf8+ Kg6 51. Qg8+ Kf5 52. Qd8 Bf3 53.
Qf8+ Kg4 54. Qc8 Bd5 55. b5 Kf3 56. Qf8+ Kxg3 57. b6 Rxb6 58. Qc5 Rf6+ 59. Ke2
Bf3+ 60. Kxe3 Re6+ 61. Kd4 g4 62. Qf5 Re4+ 63. Kc3 Kf2 64. Qc5+ Kf1 65. Qg5 Kf2
66. Qc5+ Kf1 67. Qg5 Kf2 68. Qc5+ 1/2-1/2

[Event "30th British Rapid 2016"]
[Site "Leeds ENG"]
[Date "2016.11.13"]
[Round "11.4"]
[White "Talbot, Mark A"]
[Black "Arkell, Keith C"]
[Result "1-0"]
[BlackTitle "GM"]
[WhiteElo "2029"]
[BlackElo "2450"]
[WhiteFideId "416401"]
[BlackFideId "400270"]
[EventDate "2016.11.12"]

1. c4 c5 2. g3 Nc6 3. Bg2 g6 4. Nc3 Bg7 5. a3 a6 6. Rb1 Rb8 7. Nf3 b5 8. cxb5
axb5 9. b4 c4 10. O-O Ne5 11. Nxe5 Bxe5 12. a4 bxa4 13. Qxa4 Nf6 14. Bb2 O-O 15.
Nd5 Bxb2 16. Rxb2 e6 17. Qa7 Bb7 18. Nxf6+ Qxf6 19. Rfb1 Bxg2 20. Kxg2 Qe5 21.
Qxd7 Rfd8 22. Qc6 Qxe2 23. b5 Rdc8 24. Qf3 Qe5 25. b6 c3 26. dxc3 Rxc3 27. Rb5
Qd4 28. R1b4 Qd2 29. Qf6 Rc1 30. Qe5 Rcc8 31. b7 Rd8 32. h4 h5 33. Rc4 Qd7 34.
Rc7 Qe8 35. g4 hxg4 36. h5 g3 37. hxg6 1-0